Lễ tục của người Dao ở Vĩnh Phúc và Lào Cai

Giới thiệu về Vĩnh Phúc và dân tộc Dao ở Vĩnh Phúc. Văn hoá vật thể và văn hoá phi vật thể của dân tộc Dao ở Vĩnh Phúc. Các lễ tục chính, các lễ cúng tín ngưỡng nông nghiệp của dân tộc Dao ở Vĩnh Phúc. Tìm hiểu về người Dao Quần Chẹt ở Vĩnh Phúc. Các nghi lễ trong năm của người Dao họ Lào Cai...

पूर्ण विवरण

में बचाया:
ग्रंथसूची विवरण
अन्य लेखक: Phạm Công Hoan (s.t., giới thiệu), Xuân Mai (s.t., giới thiệu)
स्वरूप: पुस्तक
भाषा:Vietnamese
प्रकाशित: H. Văn hoá dân gian 2012
विषय:
टैग : टैग जोड़ें
कोई टैग नहीं, इस रिकॉर्ड को टैग करने वाले पहले व्यक्ति बनें!
Thư viện lưu trữ: Mạng thư viện Đại học Đà Nẵng
LEADER 01874aam a22004218a 4500
001 000018014
003 14441
005 20130821140820.0
008 130821s2012 viesd
020 |d 2000b 
041 0 |a vie 
082 1 4 |2 14  |a 390.09597  |b Lêt 
245 0 0 |a Lễ tục của người Dao ở Vĩnh Phúc và Lào Cai  |c S.t., giới thiệu: Xuân Mai, Phạm Công Hoan 
260 |a H.  |b Văn hoá dân gian  |c 2012 
300 |a 249 tr.  |c 21 cm. 
500 |a ĐTTS ghi: Hội Văn nghệ dân gian Việt Nam 
504 |a Thư mục: tr. 142-144. - Phụ lục: tr. 140-244 
520 |a Giới thiệu về Vĩnh Phúc và dân tộc Dao ở Vĩnh Phúc. Văn hoá vật thể và văn hoá phi vật thể của dân tộc Dao ở Vĩnh Phúc. Các lễ tục chính, các lễ cúng tín ngưỡng nông nghiệp của dân tộc Dao ở Vĩnh Phúc. Tìm hiểu về người Dao Quần Chẹt ở Vĩnh Phúc. Các nghi lễ trong năm của người Dao họ Lào Cai 
650 0 4 |2 Bộ TK TVQG  |a Phong tục tập quán  |x Dân tộc Dao  |z Vĩnh Phúc. Lào Cai 
650 7 |2 Bộ TK TVQG 
650 7 |2 Bộ TK TVQG 
650 7 |2 Bộ TK TVQG 
650 7 |2 Bộ TK TVQG 
651 7 |2 Bộ TK TVQG  |a Vĩnh Phúc 
651 7 |2 Bộ TK TVQG  |a Lào Cai 
653 |a Lễ tục 
700 1 |a Phạm Công Hoan  |e s.t., giới thiệu 
700 1 |a Xuân Mai  |e s.t., giới thiệu 
OWN |a LSP 
AVA |a UDN50  |b LSP  |d 390.09597 Lêt  |e available  |t Error 5001 Not defined in file expand_doc_bib_avail.  |f 1  |g 0  |h N  |i 0  |k 1 
999 |a From the UDN01 
AVA |a UDN50  |b LSP  |d 390.09597 Lêt  |e available  |t Error 5001 Not defined in file expand_doc_bib_avail.  |f 1  |g 0  |h N  |i 0  |k 1 
TYP |a Monograph 
TYP |a Printed language 
980 |a Mạng thư viện Đại học Đà Nẵng